Science Quiz

Random Science or Math Quiz

Prime Factorization Quiz Stats

 Plays Quiz Updated Mar 17, 2020

Support Sporcle.
Go Orange.
Score 0/100 Timer 07:00
1 Play Today
Number Prime Factors % Correct
22
99.5%
33
99.1%
55
87.3%
77
85.2%
42*2
83.5%
62*3
83.2%
1111
81.8%
93*3
80.8%
102*5
80.7%
1313
80.2%
82*2*2
79.5%
1717
79.2%
153*5
78.6%
142*7
78.6%
1919
78.5%
122*2*3
78.1%
2323
77.6%
162*2*2*2
77.4%
213*7
76.9%
182*3*3
76.6%
202*2*5
76.5%
222*11
76.5%
255*5
76%
2929
75.6%
3131
75.4%
242*2*2*3
75.2%
262*13
74.8%
273*3*3
74.5%
302*3*5
74.2%
282*2*7
74.1%
333*11
73.7%
3737
73.5%
322*2*2*2*2
73.1%
355*7
72.7%
Number Prime Factors % Correct
4141
72.3%
342*17
71.9%
362*2*3*3
71.6%
4343
71.4%
402*2*2*5
71.1%
393*13
70.5%
382*19
70.1%
4747
70%
442*2*11
69.8%
422*3*7
69.4%
453*3*5
69.3%
502*5*5
67.7%
482*2*2*2*3
66.6%
462*23
66.5%
497*7
66.5%
5353
65.7%
555*11
64.2%
522*2*13
62.6%
542*3*3*3
61.5%
513*17
61.2%
6161
60.1%
562*2*2*7
60.1%
602*2*3*5
59.8%
5959
59.8%
642*2*2*2*2*2
56.7%
582*29
56%
6767
56%
622*31
55.9%
633*3*7
55.9%
662*3*11
55.8%
573*19
53.7%
655*13
53.5%
7171
53.4%
702*5*7
53%
Number Prime Factors % Correct
7373
51.6%
682*2*17
50.8%
693*23
49.4%
722*2*2*3*3
48.4%
777*11
48.1%
753*5*5
47%
742*37
46%
7979
45.8%
802*2*2*2*5
45.6%
813*3*3*3
44.7%
8383
44.1%
762*2*19
42.8%
782*3*13
41.3%
822*41
40.5%
842*2*3*7
38.8%
882*2*2*11
37.7%
902*3*3*5
37.5%
855*17
36.9%
8989
36.6%
862*43
36.1%
1002*2*5*5
32%
101101
31%
993*3*11
31%
873*29
30.7%
9797
30.4%
922*2*23
29.1%
933*31
28.1%
955*19
27.3%
942*47
26.9%
917*13
25.8%
962*2*2*2*2*3
25.5%
982*7*7
24.7%

You're not logged in!

Compare scores with friends on all Sporcle quizzes.
OR
Log In

From the Vault

Premier League All-Time Goalkeepers by Club

by Freddie

That's a lot of quality 'handy-work'.
Remove Ads.
Support Sporcle.
Get the best of Sporcle when you Go Orange. This ad-free experience offers more features, more stats, and more fun while also helping to support Sporcle. Thank you for becoming a member.

Show Comments

Extras

Top Quizzes Today


Score Distribution

Your Account Isn't Verified!

In order to create a playlist on Sporcle, you need to verify the email address you used during registration. Go to your Sporcle Settings to finish the process.

Report this User

Report this user for behavior that violates our Community Guidelines.

Details: